000 00504nam a22001697a 4500
005 20251108164104.0
008 250721s1990 xx 000 0 ara d
082 1 4 _a347.94/مفل
100 1 _aالقضاه، مفلح عواد
245 1 0 _aالبينات في المواد المدنية و التجارية :
_bدراسة مقارنة /
264 1 _aعمان :
_bالمؤلف،
_c1990.
300 _a270ص
650 1 7 _aالقضاء
650 1 7 _aالدليل
942 _2ddc
_cBK
999 _c3324
_d3324